AFL Goal of the Year Winners - Statistics

General Stats
  • This quiz has been taken 130 times
    14 since last reset
  • The average score is 17 of 50
Answer Stats
Year Club Answer % Correct
2006 Carlton Eddie Betts
92%
2015 Adelaide Eddie Betts
92%
2016 Adelaide Eddie Betts
92%
2019 Adelaide Eddie Betts
92%
2023 Brisbane Will Ashcroft
92%
2018 Richmond Jack Higgins
77%
2010 Hawthorn Lance Franklin
77%
2013 Hawthorn Lance Franklin
77%
2025 Gold Coast Noah Anderson
77%
2017 Richmond Daniel Rioli
69%
1991 Collingwood Peter Daicos
69%
2021 Fremantle Caleb Serong
62%
2009 Hawthorn Cyril Rioli
62%
2020 Collingwood Josh Daicos
62%
2022 Essendon Sam Draper
62%
2005 West Coast Chris Judd
54%
2024 West Coast Harley Reid
54%
2002 Brisbane Jason Akermanis
46%
2011 Fremantle Hayden Ballantyne
38%
1997 St Kilda Austinn Jones
23%
2012 Carlton Chris Yarran
23%
2004 Kangaroos Daniel Wells
23%
1992 Brisbane Darryl White
23%
2008 Collingwood Leon Davis
23%
2014 Port Adelaide Matt White
23%
1993 Essendon Michael Long
23%
1995 Adelaide Tony Modra
23%
2003 West Coast Daniel Kerr
15%
1987 Sydney David Murphy
15%
1989 Geelong Gary Ablett Sr
15%
1976 North Melbourne Keith Greig
15%
2001 West Coast Mark Merenda
15%
1981 Carlton Peter Bosustow
15%
1985 Geelong Andrew Bews
8%
1999 Brisbane Jarrod Molloy
8%
1998 Melbourne Jeff Farmer
8%
1983 Carlton Ken Hunter
8%
2000 Western Bulldogs Kingsley Hunter
8%
1979 Hawthorn Leigh Matthews
8%
1982 Fitzroy Malcolm Blight
8%
1988 North Melbourne Matthew Larkin
8%
2007 Essendon Matthew Lloyd
8%
1990 Richmond Michael Mitchell
8%
1994 Collingwood Mick McGuane
8%
1986 North Melbourne Phil Krakouer
8%
1984 Richmond Geoff Raines
0%
1980 Geelong Michael Turner
0%
1978 North Melbourne Phil Baker
0%
1977 Collingwood Phil Manassa
0%
1996 Fremantle Winston Abraham
0%
No matching quizzes found
Score Distribution
Percent of People with Each Score
Percentile by Number Answered
Your Score History
You have not taken this quiz since the last reset